<?xml version="1.0" encoding="UTF-8"?>
<record
    xmlns:xsi="http://www.w3.org/2001/XMLSchema-instance"
    xsi:schemaLocation="http://www.loc.gov/MARC21/slim http://www.loc.gov/standards/marcxml/schema/MARC21slim.xsd"
    xmlns="http://www.loc.gov/MARC21/slim">

  <leader>00908nam a22001697a 4500</leader>
  <controlfield tag="003">OSt</controlfield>
  <controlfield tag="005">20250911141746.0</controlfield>
  <controlfield tag="008">250911b        |||||||| |||| 00| 0 eng d</controlfield>
  <datafield tag="040" ind1=" " ind2=" ">
    <subfield code="c">DCL</subfield>
  </datafield>
  <datafield tag="082" ind1=" " ind2=" ">
    <subfield code="a">&#x1042;&#x1049;&#x1044;.&#x1043;&#x1040;&#x1049;&#x1042;</subfield>
  </datafield>
  <datafield tag="100" ind1="0" ind2=" ">
    <subfield code="a">&#x1019;&#x103C;&#x101E;&#x1014;&#x103A;&#x1038;&#x1005;&#x1036;</subfield>
  </datafield>
  <datafield tag="245" ind1="1" ind2="0">
    <subfield code="a">&#x1015;&#x102B;&#x1019;&#x1031;&#x102C;&#x1000;&#x1039;&#x1001;&#x1001;&#x103B;&#x102F;&#x1015;&#x103A;&#x1006;&#x101B;&#x102C;&#x1010;&#x1031;&#x102C;&#x103A; &#x1012;&#x1031;&#x102B;&#x1000;&#x103A;&#x1010;&#x102C;&#x1014;&#x1014;&#x1039;&#x1012;&#x1019;&#x102C;&#x101C;&#x102C;&#x1018;&#x102D;&#x101D;&#x1036;&#x101E;&#x104F; &#x1013;&#x1019;&#x1039;&#x1019;&#x1001;&#x101B;&#x102E;&#x1038;&#x1014;&#x103E;&#x1004;&#x1037;&#x103A; &#x1018;&#x101D;&#x1006;&#x102E;&#x1019;&#x102E;&#x1038; /</subfield>
    <subfield code="c">&#x101B;&#x1031;&#x1038;&#x101E;&#x102C;&#x1038;&#x1015;&#x1030;&#x1007;&#x1031;&#x102C;&#x103A;&#x101E;&#x1030; &#x1019;&#x103C;&#x101E;&#x1014;&#x103A;&#x1038;&#x1005;&#x1036;&#x104B;</subfield>
  </datafield>
  <datafield tag="260" ind1=" " ind2=" ">
    <subfield code="a">&#x101B;&#x1014;&#x103A;&#x1000;&#x102F;&#x1014;&#x103A; &#x104A;</subfield>
    <subfield code="b">&#x101B;&#x103D;&#x103E;&#x1031;&#x1015;&#x103C;&#x100A;&#x103A;&#x1014;&#x1014;&#x103A;&#x1038;&#x1000;&#x102F;&#x1019;&#x1039;&#x1015;&#x100F;&#x102E;&#x104A;</subfield>
    <subfield code="c">&#x1042;&#x1040;&#x1042;&#x1040;&#x104B;</subfield>
  </datafield>
  <datafield tag="300" ind1=" " ind2=" ">
    <subfield code="a">&#x1046;&#x1044;&#x1049; &#x1005;&#x102C;&#x1019;&#x103B;&#x1000;&#x103A;&#x1014;&#x103E;&#x102C; &#x104A;</subfield>
    <subfield code="c">&#x1042;&#x1046; &#x1005;&#x1004;&#x103A;&#x1010;&#x102E;&#x104B;</subfield>
  </datafield>
  <datafield tag="650" ind1=" " ind2=" ">
    <subfield code="a">&#x1014;&#x1014;&#x1039;&#x1012;&#x1019;&#x102C;&#x101C;&#x102C;&#x1018;&#x102D;&#x101D;&#x1036;&#x101E;&#x104A; &#x1012;&#x1031;&#x102B;&#x1000;&#x103A;&#x1010;&#x102C;-</subfield>
    <subfield code="x">&#x1011;&#x1031;&#x101B;&#x102F;&#x1015;&#x1039;&#x1015;&#x1010;&#x1039;&#x1010;&#x102D;</subfield>
  </datafield>
  <datafield tag="942" ind1=" " ind2=" ">
    <subfield code="2">ddc</subfield>
    <subfield code="c">LONG TERM</subfield>
    <subfield code="n">0</subfield>
  </datafield>
  <datafield tag="952" ind1=" " ind2=" ">
    <subfield code="0">0</subfield>
    <subfield code="1">0</subfield>
    <subfield code="2">ddc</subfield>
    <subfield code="4">0</subfield>
    <subfield code="7">0</subfield>
    <subfield code="8">M</subfield>
    <subfield code="a">DHAM</subfield>
    <subfield code="b">DHAM</subfield>
    <subfield code="c">MMBS</subfield>
    <subfield code="d">2025-09-11</subfield>
    <subfield code="l">1</subfield>
    <subfield code="o">&#x1042;&#x1049;&#x1044;.&#x1043;&#x1040;&#x1049;&#x1042; &#x1019;&#x103C; &#x1042;&#x1041;&#x1045;&#x1041;(&#x1042;)</subfield>
    <subfield code="p">MB00002151</subfield>
    <subfield code="q">2025-12-31</subfield>
    <subfield code="r">2025-12-01 14:25:11</subfield>
    <subfield code="s">2025-12-01</subfield>
    <subfield code="w">2025-09-11</subfield>
    <subfield code="y">LONG TERM</subfield>
    <subfield code="A">2151</subfield>
  </datafield>
  <datafield tag="999" ind1=" " ind2=" ">
    <subfield code="c">2219</subfield>
    <subfield code="d">2219</subfield>
  </datafield>
</record>
